|
|
|
|
| LEADER |
00000nam2a2200000 4500 |
| 001 |
325687 |
| 005 |
20260318162419.0 |
| 035 |
|
|
|a (RuTPU)RU\TPU\book\351302
|
| 035 |
|
|
|a RU\TPU\book\301037
|
| 090 |
|
|
|a 325687
|
| 100 |
|
|
|a 20161209d1977 k y0rusy5003 ca
|
| 101 |
0 |
|
|a rus
|
| 102 |
|
|
|a RU
|
| 105 |
|
|
|a a z 001zb
|
| 200 |
0 |
|
|a Т. 3 : Октябрь 1904 г. - Январь 1905 г.
|
| 210 |
|
|
|d 1977
|
| 215 |
|
|
|a 653 с.
|c ил.
|
| 320 |
|
|
|a Указатели: с. 487-643
|
| 461 |
|
1 |
|0 (RuTPU)RU\TPU\book\318236
|t Переписка В. И. Ленина и руководимых им учреждений РСДРП с партийными организациями 1903-1905 г.г.
|o сборник документов
|o в 3 т.
|f Институт марксизма-ленинизма (ИМЛ) ; Академия наук СССР (АН СССР), Институт истории СССР
|v Т. 3 : Октябрь 1904 г. - Январь 1905 г.
|d 1974-1977
|
| 600 |
|
1 |
|a Ленин
|b В. И.
|c настоящая фамилия Ульянов
|c российский политический деятель
|f 1870-1924
|g Владимир Ильич
|2 stltpush
|3 (RuTPU)RU\TPU\pers\1074
|9 486
|
| 606 |
|
|
|a Ленин В. И.
|j Письма
|7 ca
|8 rus
|2 stltpush
|3 (RuTPU)RU\TPU\subj\72730
|9 86134
|
| 610 |
1 |
|
|a КПСС
|
| 610 |
1 |
|
|a история
|
| 610 |
1 |
|
|a политические деятели
|
| 610 |
1 |
|
|a переписка
|
| 610 |
1 |
|
|a эпистолярное наследие
|
| 610 |
1 |
|
|a РСДРП
|
| 610 |
1 |
|
|a партийные организации
|
| 686 |
|
|
|a Т3(2)6-8Ленин154
|v LBC/SL-A
|2 rubbk
|
| 801 |
|
0 |
|a RU
|b 63413507
|c 19960704
|g psbo
|
| 801 |
|
1 |
|a RU
|b 63413507
|c 20141205
|
| 801 |
|
2 |
|a RU
|b 63413507
|c 20171211
|g RCR
|
| 942 |
|
|
|c BK
|